| 000 | 00708nam a2200193Ia 4500 | ||
|---|---|---|---|
| 008 | 151119s9999||||xx |||||||||||||| ||und|| | ||
| 082 | _a823.91ग्रेगस/उगव | ||
| 082 | _bGKKV32394 | ||
| 100 | _aग्रेगसन ज्युलिया | ||
| 245 | _aउगवतीच्या दिशेला | ||
| 260 | _aपुणे | ||
| 260 | _bमेहता पब्लीशिग हाउस | ||
| 260 | _c2013 | ||
| 600 | _aग्रेगसन ज्युलिया | ||
| 630 | _aउगवतीच्या दिशेला | ||
| 700 | _aग्रेगसन ज्युलिया | ||
| 730 | _aउगवतीच्या दिशेला | ||
| 942 | _cBOOK | ||
| 999 |
_c1084698 _d1084695 |
||